Sistema de registro y control académico Web del Instituto Nacional de Madriz (SREGAW)
Presenta el análisis y diseño de un sistema de registro y control académico en línea en el Instituto Nacional de Madriz con el objetivo de facilitar un mejor registro de la información de los alumnos y agilizar los procesos de información en cuanto a certificados de notas.
| Main Authors: | , |
|---|---|
| Other Authors: | |
| Format: | Tesis Section = Libro |
| Language: | Undetermined Spanish |
| Published: |
Managua
UNI
2010
|
| Subjects: |
| LEADER | 01084nam a2200241Ia 4500 | ||
|---|---|---|---|
| 008 | 240830s9999 xx 000 0 und d | ||
| 040 | |a BIBLIOTECA-RUSB/ T.Mon 003 A283 | ||
| 041 | |a spa | ||
| 082 | |a T.Mon 003 A283 | ||
| 100 | 1 | |a Aguilar Pinell, Carmen | |
| 100 | 1 | |b Tinoco Paniagua, Juan Carlos | |
| 245 | 1 | 0 | |a Sistema de registro y control académico Web del Instituto Nacional de Madriz (SREGAW) |
| 260 | |a Managua |b UNI |c 2010 | ||
| 300 | |a 82 p. :il. | ||
| 502 | |a Tesis (Ingeniero en Computación) - UNI, 2010. | ||
| 520 | 3 | |a Presenta el análisis y diseño de un sistema de registro y control académico en línea en el Instituto Nacional de Madriz con el objetivo de facilitar un mejor registro de la información de los alumnos y agilizar los procesos de información en cuanto a certificados de notas. | |
| 650 | 7 | |a SISTEMA AUTOMATIZADO DE INFORMACIÓN - REGISTRO | |
| 650 | 7 | |b SISTEMA DE REGISTRO ACADÉMICO EN LÍNEA | |
| 650 | 7 | |c ESTUDIO DE FACTIBILIDAD | |
| 700 | 1 | |a Tutor: |b Chávez Mairena, Luis Eduardo | |
| 942 | |c BK |2 ddc | ||
| 991 | |a TESIS | ||
| 999 | |c 21557 | ||